The Ancient East (Record no. 368450)

000 -LEADER
fixed length control field 00323cam a22001217a 4500
008 - FIXED-LENGTH DATA ELEMENTS--GENERAL INFORMATION
fixed length control field 180718b1914 xxu||||| |||| 00| 0 eng d
082 ## - DEWEY DECIMAL CLASSIFICATION NUMBER
Classification number A6x56 H675
100 ## - MAIN ENTRY--PERSONAL NAME
Personal name Hogarth, D.G.
245 ## - TITLE STATEMENT
Title The Ancient East
Statement of responsibility, etc. by D.G. Hogarth
260 ## - PUBLICATION, DISTRIBUTION, ETC.
Place of publication, distribution, etc. London
Name of publisher, distributor, etc. William & Norgate
Date of publication, distribution, etc. 1914
300 ## - PHYSICAL DESCRIPTION
Extent 256p.
650 ## - SUBJECT ADDED ENTRY--TOPICAL TERM
Topical term or geographic name entry element Asia, West - History
Holdings
Withdrawn status Lost status Damaged status Not for loan Permanent Location Current Location Date acquired Full call number Barcode Date last seen Price effective from Koha item type
        Indian Institute of Public Administration Indian Institute of Public Administration 2009-11-20 A6x56 H675 A82 2018-07-21 2018-07-21 A

Powered by Koha